000 00419nam a2200145Ia 4500
008 100122s9999 xx 000 0 und d
082 _b7303
_a824
100 _aअदवंत म ना
245 _aमनाचे संकल्प
260 _bद ना मोघे
_c1950
300 _a133
630 _aमनाचे संकल्प
730 _aमनाचे संकल्प
942 _cBOOK
999 _c400013
_d400010